| 000 | 00613nam a2200205 i 4500 | ||
|---|---|---|---|
| 001 | 12129 | ||
| 003 | ES-MaACL | ||
| 005 | 20260211063015.0 | ||
| 007 | t| | ||
| 008 | 970414s1988 cu ||||1| spa d | ||
| 080 | _a32(648)"1975" | ||
| 100 | 1 |
_aNapoles Tapia, Fernando. _984914 |
|
| 245 | 1 | 0 |
_aSahara Occidental _b: la guerra saharaui / _cFernando Nápoles Tapia. |
| 260 |
_aLa Habana : _bEd. de Ciencias Sociales, _c1988. |
||
| 300 |
_a300 p. ; _c21 cm. |
||
| 651 | 4 |
_aSahara occidental- _xPolítica y gobierno- _y1975- _99349 |
|
| 852 |
_aES-MaACL _jL-19512 |
||
| 942 | _2udc | ||
| 999 |
_c12129 _d12129 |
||